000 00466nam a2200181Ia 4500
001 23856
005 20260414151005.0
008 260414t2016||||xx |||||||||||||| ||spa||
041 _aESP
082 _a720.1
_bR85
100 _aRoth, Leland M.
_eAUT
245 0 _aEntender la arquitectura, sus elementos, historia y significado
_b
260 _c2016
300 _axxxiii, 599 páginas :
_c24 cm.
650 _aABD
654 _aCAU
942 _cLIB
_dJUS
_fJUS
_2ddc
_n
999 _c23856
_d23856